Riadenie procesov založené na náhodných výberoch akčných zásahov

Gespeichert in:
Bibliographische Detailangaben
1. Verfasser: Tomaškovičová, Martina (Verfasst von)
Weitere Verfasser: Horváthová, Michaela (Betreuung Doktorarbeit)
Format: Manuskript Buch
Sprache:Slowakisch
Veröffentlicht: 2024
Schlagworte:
Online-Zugang:http://is.stuba.sk/zp/portal_zp.pl?podrobnosti=177248
Tags: Tag hinzufügen
Keine Tags, Fügen Sie das erste Tag hinzu!

MARC

LEADER 00000ntm a22000003a 4500
001 stuzp99383
003 SK-STU
005 20240601210721.2
007 ta
008 150427s2015----xo-----f-mn---000-0-slo-d
040 |a STU  |b slo 
041 0 |a slo 
100 1 |a Tomaškovičová, Martina  |u 047220  |4 aut  |U FCHPT Ústav informatizácie, automatizácie a matematiky  |T FCHPT Oddelenie informatizácie a riadenia procesov  |X 97539  |U C7220  |Y 121  |7 97539 
242 0 1 |a Random-shooting-based Process Control  |y eng 
245 1 0 |a Riadenie procesov založené na náhodných výberoch akčných zásahov 
260 |c 2024 
650 4 |a metóda založená na náhodnom výbere akčných zásahov  |2 slo 
650 4 |a Dual Mode metóda  |2 slo 
650 4 |a kvalita riadenia  |2 slo 
650 4 |a Flexy  |2 slo 
650 4 |a dron  |2 slo 
650 4 |a method based on random selection of control inputs  |2 eng 
650 4 |a control performance  |2 eng 
650 4 |a Flexy  |2 eng 
650 4 |a drone  |2 eng 
650 4 |a Dual Mode  |2 eng 
700 1 |a Horváthová, Michaela  |u 047220  |k Z1  |4 ths  |U FCHPT Ústav informatizácie, automatizácie a matematiky  |T FCHPT Oddelenie informatizácie a riadenia procesov  |X 76937  |U C7220  |Y 121  |7 76937 
856 4 |u http://is.stuba.sk/zp/portal_zp.pl?podrobnosti=177248